000 00436nam a2200169 a 4500
005 20140412111310.0
008 001219s19uu xx 00 eng d
020 _a0-06-443253-X
050 _aER
_bCh432
100 _aSendak, Maurice
245 _aChicken soup with rice /
_cMaurice Sendak.
260 _a[s.l.] :
_bHarperTrophy.
300 _a30 p. ; ill.
440 _aA book of Months
650 _aQuotations
999 _c103947
_d103947